Statistiques concernant Benoit Paire

Cliquez ici pour prendre le quiz!

Statistiques générales

  • Ce quiz a été pris 27 fois
  • Le résultat moyen est 7 sur 15

Statistiques - réponses

HintRéponse% Correct
NationalitéFrancais
93%
Contre quel membre du Big Three a-t-il une victoire ?Novak Djokovic
74%
Combien a-t-il de titres en simple sur le circuit ATP ?3
67%
Meilleur classement ATP18
63%
Année du début de sa carrière professionnelle2007
59%
Contre quel joueur Benoit a hurlé "LA CHAAAAATTTEEE" ?Kei Nishikori
59%
De quel club de foot est-il fan ?Oympique de Marseille
56%
Complétez: "Santé ..."Marion
48%
Sponsor ( Raquette )Babolat
44%
Lieu de naissanceAvignon
41%
Sponsor ( Vêtements )Celio
41%
Date de naissance(JJ/MM/AAAA)08/05/1989
26%
Qui est son footballeur préféré ?Didier Drogba
22%
Contre quel adversaire a-t-il dit "qui est l'enc*lé qui a parlé" ?Kevin Anderson
22%
Nom de la marque crée par Benoit ?Hors Paire
15%

Distribution des résultats

Percentile par nombre de réponses

% des personnes avec chaque résultat

Votre développement - résultats

Vous n’avez pas pris ce quiz